Statistics for Peru First Level Subdivisions

Click here to take the quiz!

General Stats

  • This quiz has been taken 129 times
  • The average score is 18 of 26

Answer Stats

Regiones% Correct
Lima
100%
Cusco
98%
Arequipa
93%
Amazonas
83%
Puno
80%
Madre de Dios
80%
Tacna
75%
Callao
75%
Loreto
75%
Ica
73%
Piura
70%
San Martín
65%
Ucayali
65%
Ancash
65%
Ayacucho
63%
La Libertad
60%
Huánuco
58%
Tumbes
58%
Lambayeque
55%
Moquegua
55%
Cajamarca
55%
Apurímac
55%
Junín
53%
Huancavelica
50%
Pasco
43%

Score Distribution

Percentile by Number Answered

Percent of People with Each Score

Your Score History

You have not taken this quiz